MEDICINAL PLANT BIOTECHNOLOGY (Record no. 26984)
[ view plain ]
| 000 -LEADER | |
|---|---|
| fixed length control field | 00375nam a22001577a 4500 |
| 003 - CONTROL NUMBER IDENTIFIER | |
| control field | SGT |
| 020 ## - INTERNATIONAL STANDARD BOOK NUMBER | |
| International Standard Book Number | 9788123910970 |
| 082 ## - DEWEY DECIMAL CLASSIFICATION NUMBER | |
| Classification number | 615.32 |
| Item number | M23V |
| 100 ## - MAIN ENTRY--PERSONAL NAME | |
| Personal name | VEERESHAM, CIDDI |
| 245 ## - TITLE STATEMENT | |
| Title | MEDICINAL PLANT BIOTECHNOLOGY |
| 250 ## - EDITION STATEMENT | |
| Edition statement | 1ST |
| 260 ## - PUBLICATION, DISTRIBUTION, ETC. (IMPRINT) | |
| Place of publication, distribution, etc | NEW DELHI |
| Name of publisher, distributor, etc | CBS PUBLICATION |
| Year of Publication | 2023 |
| 650 ## - SUBJECT ADDED ENTRY--TOPICAL TERM | |
| Topical term or geographic name as entry element | PHARMACY |
| 653 ## - KEYWORDS--INDEX TERM | |
| Keyword term | MEDICINAL, PLANT, BIOTECHNOLOGY |
| 942 ## - ADDED ENTRY ELEMENTS (KOHA) | |
| Source of classification or shelving scheme | Dewey Decimal Classification |
| Koha item type | Books |
| Withdrawn status | Lost status | Source of classification or shelving scheme | Damaged status | Not for loan | Collection code | Home library | Current library | Shelving location | Date acquired | Vendor Name | Cost, normal purchase price | SGTU | Bill Number | Total Checkouts | Full call number | Accession No. (Barcode) | Date last seen | Bill Date | Koha item type | Use restrictions |
|---|---|---|---|---|---|---|---|---|---|---|---|---|---|---|---|---|---|---|---|---|
| Dewey Decimal Classification | PHARMACY | SGT FA-FP Library | SGT FA-FP Library | Text Book | 27/09/2024 | AHUJA PUB. | 2195.00 | SGTU | 19381 | 615.32 M23V | FP5046 | 27/09/2024 | 13/08/2024 | Books | ||||||
| Dewey Decimal Classification | PHARMACY | SGT FA-FP Library | SGT FA-FP Library | Text Book | 27/09/2024 | AHUJA PUB. | 2195.00 | SGTU | 19381 | 615.32 M23V | FP5047 | 27/09/2024 | 13/08/2024 | Books | ||||||
| Dewey Decimal Classification | PHARMACY | SGT FA-FP Library | SGT FA-FP Library | Text Book | 27/09/2024 | AHUJA PUB. | 2195.00 | SGTU | 19381 | 615.32 M23V | FP5048 | 27/09/2024 | 13/08/2024 | Books | ||||||
| Dewey Decimal Classification | PHARMACY | SGT FA-FP Library | SGT FA-FP Library | Text Book | 27/09/2024 | AHUJA PUB. | 2195.00 | SGTU | 19381 | 615.32 M23V | FP5049 | 27/09/2024 | 13/08/2024 | Books | ||||||
| Dewey Decimal Classification | PHARMACY | SGT FA-FP Library | SGT FA-FP Library | Reference Book | 27/09/2024 | AHUJA PUB. | 2195.00 | SGTU | 19381 | 615.32 M23V | FP5050 | 27/09/2024 | 13/08/2024 | Books | Restricted Access |